Présidents américains jeunes par images - Statistiques

Statistiques générales
  • Ce quiz a été pris 34 fois
  • Le résultat moyen est 8 sur 9
Statistiques - réponses
Par images Réponse % Correct
Barack Obama
100%
George W. Bush
100%
Donald Trump
97%
John F. Kennedy
97%
Bill Clinton
84%
Richard Nixon
84%
Ronald Reagan
84%
Franklin D. Roosevelt
68%
Joe Biden
52%
Aucun quiz correspondant
Distribution des résultats
% des personnes avec chaque résultat
Percentile par nombre de réponses
Votre historique - résultats
Vous n’avez pas pris ce quiz